Cricket: Fastest to 3000 Test Runs - Statistics

General Stats
  • This quiz has been taken 13 times
  • The average score is 19 of 28
Answer Stats
Country Year Innings Answer % Correct
SA 2005 63 Graeme Smith
100%
AUS 1933 33 Sir Donald Bradman
100%
WI 1980 54 Sir Viv Richards
100%
AUS 2015 63 Steve Smith
100%
WI 1990 52 Brian Lara
91%
ENG 2015 62 Joe Root
91%
AUS 2002 61 Matthew Hayden
91%
IND 2005 55 Virender Sehwag
91%
ENG 2007 63 Kevin Pietersen
82%
ENG 1933 61 Wally Hammond
82%
SL 2002 65 Mahela Jayawardene
73%
AUS 2005 63 Michael Hussey
73%
WI 1960 55 Sir Garfield Sobers
73%
ENG 1924 60 Sir Jack Hobbs
73%
AUS 2003 63 Adam Gilchrist
64%
AUS 1976 65 Greg Chappell
64%
ENG 1949 61 Sir Len Hutton
64%
WI 1955 51 Sir Everton Weekes
55%
ENG 1949 57 Denis Compton
45%
ENG 1930 52 Herbert Sutcliffe
45%
IND 1991 64 Mohammad Azharuddin
45%
WI 1955 56 Sir Clyde Walcott
45%
WI 1960 63 Sir Frank Worrell
45%
AUS 1966 65 Bill Lawry
36%
AUS 1954 54 Neil Harvey
36%
ENG 1963 64 Ted Dexter
36%
AUS 1953 64 Arthur Morris
27%
WI 1963 64 Rohan Kanhai
27%
No matching quizzes found
Score Distribution
Percent of People with Each Score
Percentile by Number Answered
Your Score History
You have not taken this quiz